Logo BPK

Biblioteka

Politechniki Koszalińskiej

Mežmolekuljarnye vzaimodejstvija i električeskie svojstva molekul / (Rekord nr 34754)

Szczegóły MARC
000 -ETYKIETA REKORDU
podpole kontrolne o stałej długości 00674nam a2200229 i 4500
001 - NUMER KONTROLNY REKORDU
pole kontrolne bg
020 ## - MIĘDZYNARODOWY ZNORMALIZOWANY NUMER KSIĄŻKI - ISBN
ISBN 5110009899
040 ## - ŹRÓDŁO KATALOGOWANIA
Instytucja, która utworzyła rekord BPK
041 0# - KOD JĘZYKA
Kod języka tekstu ru
080 ## - UNIWERSALNA KLASYFIKACJA DZIESIĘTNA - UKD
UKD 535.5+537.2+539.136+544.1
920 ## - Międzynarodowy znormalizowany numer książki – ISBN
ISBN 5-11-000989-9
008 - POLE O STAŁEJ DŁUGOŚCI - DANE KONTROLNE
podpole kontrolne o stałej długości s pl f |000 0 pol
100 1# - NAZWA OSOBOWA
Nazwa osobowa PREŽDO, V. V.
245 10 - TYTUŁ/ODPOWIEDZIALNOŚĆ
Tytuł Mežmolekuljarnye vzaimodejstvija i električeskie svojstva molekul /
Pozostałe elementy strefy tytułu i oznaczenia odpowiedzialności V. V. Preždo, I.
Oznaczenie części/sekcji dzieła P. Krajnov.
260 ## - STREFA ADRESU WYDAWNICZEGO
Miejsce wydania Charkìv :
Nazwa wydawcy/dystrybutora "Osnova",
Data publikacji, dystrybucji/powstania dokumentu 1994.
300 ## - STREFA OPISU FIZYCZNEGO
Objętość 239, [1] s. :
Inne cechy fizyczne rys., wykr. ;
Rozmiary 21 cm.
504 ## - UWAGA DOTYCZĄCA BIBLIOGRAFII
Informacje o bibliografii Bibliogr. s. 230-238.
650 #9 - HASŁO PRZEDMIOTOWE W FORMIE NAZWY OGÓLNEJ LUB JEDNOSTKOWEJ
Nazwa ogólna lub geograficzna Cząsteczka
Określnik ogólny badanie
650 #9 - HASŁO PRZEDMIOTOWE W FORMIE NAZWY OGÓLNEJ LUB JEDNOSTKOWEJ
Nazwa ogólna lub geograficzna Polaryzacja
Określnik ogólny zagadnienia
700 1# - HASŁO DODATKOWE - NAZWA OSOBOWA
Nazwa osobowa KRAJNOV, I. P.
856 ## - LOKALIZACJA I DOSTĘP DO ELEKTRONICZNYCH DOKUMENTÓW ZDALNYCH
Link (URL) http://koha.tu.koszalin.pl/cgi-bin/koha/opac-detail.pl?biblionumber=34754
Tekst linku Katalog online BPK
942 ## - DODATKOWE ELEMENTY (KOHA)
Typ dokumentu Książka
Egzemplarze
Wycofany Status egzemplarza Uszkodzony Dostępność Lokalizacja stała Lokalizacja bieżąca Miejsce przechowywania Sygnatura Kod kreskowy Typ dokumentu
      Dostępny Biblioteka Politechniki Koszalińskiej Biblioteka Politechniki Koszalińskiej Wypożyczalnia BG 48496 01418293 Książka
© 2023 Biblioteka Politechniki Koszalińskiej :: KOHA